00835nam a2200181 a 450000100100000000500170001000800410002704000250006808200150009324500920010826000690020030000200026949000360028950500950032583000440042095201720046499900170063600004578320201002052436.0150512s2004 dr 000 0 spa d aDO-SdBNPbspacBNPHU axxxxbxxxx00aColección actos notariales :bActos y contratos de matrimonio, cesiones y donaciones. aSanto Domingo :bEdiciones Jurídicas Trajano Potentini,c2004. a37 p. ;c21 cm.1 aColección actos notarialesv40 aContratos de matrimonio, cesiones y donaciones --tActos de cesionestActos de donaciones. 0aColección actos notariales.n4973866 0010718PDaPDbPDcCTd2015-05-12iLF1l0oxxxx xxxxp45783-10r2020-06-25w2020-06-25yLFPDzPerteneció a la biblioteca personal de Erick Landestoy.ZNo se presta c45272d45272